Geografia de la Corona d'Aragó en un mapa - Statistics

General Stats
  • This quiz has been taken 11 times
    9 since last reset
  • The average score is 13 of 22
Answers on the Map
Answers color-coded by a green-red scale on the quiz's map according to % correct below.
 
Answer Stats
Answer % Correct
Palma
100%
Regne de Sicília
100%
3357 m Etna
86%
Perpinyà
86%
Regne de Valéncia
86%
3404 m Aneto
71%
930 km Ebre
71%
l'Alguer
71%
Menorca
71%
Nàpols
71%
Sagunt
71%
Comtat d'Urgell
57%
Malta
57%
1281 m Vesuvi
57%
508,8 km Xúquer
57%
Alcanyís
43%
Bari
43%
Càller
43%
Catania
43%
2949 m Comapedrosa
14%
1838 m Alto de las Barracas
0%
170 km Ofanto
0%
No matching quizzes found
Score Distribution
Percent of People with Each Score
Percentile by Number Answered
Your Score History
You have not taken this quiz since the last reset